000 00909nam a2200289 a 4500
001 30681
003 BD-RjUL
005 20211209051612.0
008 140410s1970 enk b 001 0 eng
020 _a0710067283
035 _a(BD-RjUL)30768
040 _aLC
_beng
_cLC
_dNUN
_dBD-RjUL
041 _aeng
082 0 4 _a117
_bALP 1970
100 1 _aAllen, R. E.
_q(Reginald E.),
_d1931-
_93943
245 1 0 _aPlato's 'Euthyphro' and earlier theory of Forms /
_cby R. E. Allen.
260 _aLondon :
_bRoutledge & K. Paul,
_c1970.
300 _axi, 171 p. ;
_c23 cm.
504 _aBibliography: p. 167-168.
600 0 0 _aPlato.
_993211
650 0 _aForm (Philosophy)
_989294
650 0 _aUniversals (Philosophy)
_93986
700 0 2 _aPlato.
_tEuthyphro.
_lEnglish.
_f1970.
_993205
942 _2ddc
_cBK
999 _c30681
_d30681